Vplyv priemyselnej výroby na životné prostredie

Súčasný stav priemyselnej výroby vo vzťahu k životnému prostrediu. Najzávažnejšie problémy životného prostredia globálneho charakteru. Možnosti riešenia environmentálnych problémov v priemyselných podnikoch. Environmentálne manažérstvo - environmentálne aspekty a environmentálne vplyvy. Úlohy a cie...

Descripción completa

Guardado en:
Detalles Bibliográficos
Autor principal: Rakovská, Júlia, 1972-
Formato: Capítulo de libro
Lenguaje:eslovaco
Materias:
Etiquetas: Agregar Etiqueta
Sin Etiquetas, Sea el primero en etiquetar este registro!

MARC

LEADER 00000nla a2200000 4500
001 0239721
005 20240502073903.7
041 0 |a slo 
044 |a SK 
245 1 0 |a Vplyv priemyselnej výroby na životné prostredie  |c Júlia Rakovská 
520 |a Súčasný stav priemyselnej výroby vo vzťahu k životnému prostrediu. Najzávažnejšie problémy životného prostredia globálneho charakteru. Možnosti riešenia environmentálnych problémov v priemyselných podnikoch. Environmentálne manažérstvo - environmentálne aspekty a environmentálne vplyvy. Úlohy a ciele udržateľného rozvoja. 
610 2 0 |a výroba priemyselná 
610 2 0 |a prostredie životné 
610 2 0 |a ochrana prostredia životného 
610 2 0 |a ekologizácia 
610 2 0 |a rozvoj trvalo udržateľný 
610 2 0 |a environmentalistika 
100 1 |a Rakovská, Júlia, 1972-